mes wwe preferer - Statistiques

Statistiques générales
  • Ce quiz a été pris 2 fois
  • Le résultat moyen est 4 sur 10
Statistiques - réponses
postion nom % Correct
1 john cena
100%
4 rey mysterio
100%
3 randy orton
50%
2 roman reigns
50%
5 the rock
50%
9 big show
0%
10 cody rodhes
0%
8 kane
0%
7 logan paul
0%
6 undertaker
0%
Aucun quiz correspondant
Distribution des résultats
% des personnes avec chaque résultat
Percentile par nombre de réponses
Votre historique - résultats
Vous n’avez pas pris ce quiz